[Event "Modbury Championship"]
[Site "Modbury"]
[Date "1997.??.??"]
[Round "2.2"]
[White "Wellnitz, Gerhard"]
[Black "Gaviola, Cecil"]
[Result "0-1"]
[WhiteElo "1069"]
[BlackElo "1498"]
[Annotator "Fritz 5.32"]
[PlyCount "68"]
[EventDate "1997.??.??"]
[EventType "tourn"]
[EventRounds "11"]
[EventCountry "AUS"]

1. e4 c5 {
Opening = B50 - Sizilianisch-Verschiedenes mit 2...d6 /Sicilian-Various 2...d6}
2. Nf3 d6 3. c4 Nc6 4. d3 g6 $146 (4... Nf6 5. Be2 g6 6. O-O Bg7 7. Nc3 O-O 8.
h3 e5 9. Be3 Nh5 10. Nh2 Nf4 11. Qd2 Nxe2+ 12. Nxe2 f5 13. f4 Qf6 14. Rab1 a6
15. Nf3 b5 16. fxe5 Nxe5 17. Nxe5 Qxe5 18. Bf4 Qe7 19. exf5 {
Reiffenrath,C-Kuehnel,M/Giessen op 1994/GER 08/1/2-1/2 (42)}) (4... Bg4 5. Be2
Nf6 6. Nc3 e6 7. O-O Be7 8. a3 O-O 9. Rb1 a5 10. Be3 Nd7 11. Nd2 Bxe2 12. Nxe2
Nb6 13. Re1 d5 14. Qc2 dxc4 15. Nxc4 Nxc4 16. dxc4 Qc7 17. Nf4 Rfd8 18. Nd3 Nd4
19. Qc3 {Chan Lok-Paulus,S/WchJM-U14 St.Lorenzo 1995/JUN 95/0-1 (29)}) 5. Nc3
Bg7 6. Qc2 Nf6 7. h3 {Prevents intrusion on g4} O-O 8. Be2 h6 {Secures g5} 9.
a3 {Covers b4} a6 {Consolidates b5} 10. Bd2 e5 11. Rb1 Be6 12. Be3 Nd4 {
An ideal square for the black knight.} 13. Qd1 Nh7 14. g4 Qd7 15. Bd2 b5 16.
Nd5 {A classical outpost} Bxd5 (16... Rae8 17. Be3 $11) 17. Nxd4 $17 (17. cxd5
$142 $5 {would keep White alive} Rac8 18. Rc1 $11) 17... Bb7 (17... cxd4 $6 18.
cxd5 Rac8 19. h4 $11) 18. Nf3 bxc4 19. Qc2 cxd3 20. Qxd3 $2 $19 (20. Bxd3 $142
d5 21. Bc3 $17) 20... Bc6 $17 (20... Nf6 $142 {
and Black is on the road to success} 21. Rc1 Nxe4 $19) 21. Qc2 $2 $19 (21. Be3
$142 $5 $17) 21... Nf6 (21... Qb7 22. Bd3 d5 23. Qxc5 dxe4 24. Nxe5 Bxe5 25.
Bc2 $19) 22. Bd3 Qb7 23. Ng5 $2 (23. b4 Bxe4 24. bxc5 $19) 23... hxg5 24. f4 (
24. f3 {is the last straw} c4 25. Bxc4 Nxe4 26. Be3 $19) 24... Nh7 (24... Nxe4
$142 {finishes off the opponent} 25. Rf1 exf4 $19) 25. h4 (25. fxg5 {
does not help much} c4 26. Rc1 Rfc8 27. Qxc4 d5 $19) 25... gxh4 (25... gxf4
$142 $5 {keeps an even firmer grip} 26. Rf1 $19) 26. Rxh4 Bf6 (26... Qe7 $142
$5 {makes it even easier for Black} 27. Rh3 exf4 28. Bxf4 $19) 27. Rh3 (27. g5
{doesn't get the cat off the tree} Bd8 28. b4 exf4 29. bxc5 Qd7 (29... Bxg5 30.
Rxh7 Qd7 31. Rh1 dxc5 32. Bc3 $11) 30. cxd6 Nxg5 (30... Qxd6 $6 31. Bb4 Qd4 32.
Rxh7 $19) (30... Bxg5 $143 31. Rh2 $19) 31. Rxf4 Ne6 $19) 27... g5 (27... exf4
$5 {might be the shorter path} 28. Bxf4 Rfe8 29. Bxd6 Bxe4 30. Kf1 Bxd3+ 31.
Qxd3 $19) 28. fxg5 Nxg5 29. Bxg5 {Do you see the mate threat?} Bxg5 30. Ke2 (
30. b4 {cannot change what is in store for ?} Qe7 $19) 30... Kg7 31. Rbh1 Rh8
32. Bc4 (32. Rh5 {there is nothing else anyway} Rxh5 33. gxh5 $19) 32... Bb5 (
32... Bxe4 $142 {ends the debate} 33. Qb3 Bxh1 34. Qxb7 Bxb7 $19) 33. Bxb5
Qxb5+ 34. Kd1 (34. Kf2 $19 {is one last hope}) 34... Rxh3 (34... Rxh3 35. Rg1
Rg3 36. Qf2 Qd3+ 37. Ke1 Bd2+ 38. Kd1 Rxg1+ 39. Qxg1 Bc3+ 40. Kc1 Qd2+ 41. Kb1
Qxb2#) 0-1

[Event "Modbury Championship"]
[Site "Modbury"]
[Date "1997.??.??"]
[Round "2.3"]
[White "Chilman, Alan"]
[Black "Maaz, John"]
[Result "1-0"]
[WhiteElo "1560"]
[BlackElo "1214"]
[Annotator "Fritz 5.32"]
[PlyCount "81"]
[EventDate "1997.??.??"]
[EventType "tourn"]
[EventRounds "11"]
[EventCountry "AUS"]

1. e4 e5 {
Opening = C78 - Spanisch-Archangelsk u Miller /Ruy Lopez-Arkhangelsk a Miller}
2. Nf3 Nc6 3. Bb5 Bc5 4. O-O a6 5. Ba4 Nf6 6. c3 b5 7. Bc2 (7. d4 bxa4 8. dxc5
Nxe4 9. Nxe5 Nxe5 10. Qd5 Bb7 11. Qxe5+ Qe7 12. Qxc7 Nxc5 13. Be3 Rc8 14. Bxc5
Rxc7 15. Bxe7 Kxe7 16. Re1+ Kf6 17. Rd1 Re8 18. Na3 Re2 19. Rd6+ Ke7 20. Rb6
Be4 21. Rxa6 Rb7 22. Rxa4 Rbxb2 23. Nc4 Bb1 24. g4 Rxa2 25. R4xa2 Bxa2 26. Ne3
{1/2-1/2 Short,N-Ivanchuk,V/Novgorod 1996/TUR 96 (26)}) 7... d5 (7... d6 8. d4
Bb6 9. h3 O-O 10. Be3 Rb8 11. Re1 Bd7 12. Nbd2 Re8 13. Nf1 b4 14. Ng3 bxc3 15.
bxc3 Ba5 16. Bd2 h6 17. Bb3 Bb6 18. Bc1 a5 19. Rb1 Qc8 20. Bb2 Qa6 21. dxe5
Nxe5 22. Nxe5 {
Luther,T-Christiansen,L/BL9697 Porz-Empor Berlin 1997/BL9697/1/2-1/2 (33)}) 8.
exd5 Qxd5 9. h3 $146 {Controls g4} (9. Bb3 Qd6 10. h3 O-O 11. Nxe5 Nxe5 12. d4
Bb7 13. dxc5 Qxc5 14. Be3 Qc6 15. f3 Rad8 16. Qe2 Rfe8 17. Nd2 Nd3 18. Ne4 Nxe4
19. fxe4 Rxe4 20. Rxf7 Kh8 21. Raf1 h6 22. Bc2 Rxe3 23. Rf8+ Rxf8 24. Rxf8+ Kh7
25. Bxd3+ g6 26. Qf2 Re1+ 27. Kh2 Qd6+ 28. g3 Rh1# {
0-1 Sohn,H-Gebauer,B/RH-op Wallertheim 1994/GER 09 (28)}) 9... e4 10. Nh2 $15 (
10. d4 exf3 11. dxc5 O-O 12. Qxd5 Nxd5 $11) 10... Bd6 11. d4 exd3 {
A strong pawn.} 12. Re1+ Ne5 13. Qxd3 O-O 14. Qxd5 Nxd5 15. Be4 Be6 $2 $18 (
15... Bb7 $142 $11 {would keep Black in the game}) 16. Nf3 $11 (16. f4 $142 {
and the scales tip in favour of White} Nc4 17. f5 $18) 16... f5 $4 $18 (16...
Nxf3+ $142 {saving the game} 17. Bxf3 Rfe8 $11) 17. Bxd5 Bxd5 18. Nxe5 ({
Less advisable is} 18. Rxe5 Bxf3 19. Re1 Rae8 $15) 18... Rae8 19. f4 Bc5+ (
19... Re6 20. a4 $18) 20. Be3 Bd6 21. Bf2 Re7 22. Nd2 c5 $2 (22... Rfe8 $18)
23. Ndf3 (23. Nb3 {seems even better} Bxb3 24. axb3 Rfe8 $18) 23... Rfe8 (23...
Bxf3 24. Nxf3 Rxe1+ 25. Rxe1 $18 (25. Bxe1 $143 Bxf4 26. Bf2 c4 $18)) 24. Rad1
Bxe5 25. Nxe5 (25. fxe5 $6 Bxf3 26. gxf3 Rxe5 27. Rxe5 Rxe5 28. Rd8+ Kf7 29.
Rd7+ Kf6 $18) (25. Rxe5 $6 Bxf3 26. Rxe7 Rxe7 27. gxf3 Re2 $18) 25... Be4 (
25... Bxa2 {does not solve anything} 26. Bxc5 Re6 27. g4 $18) 26. Bxc5 Rc7 27.
Bb4 h6 28. Nf3 Rcc8 29. Kf2 Kf7 (29... Rcd8 {doesn't improve anything} 30. g4
$18) 30. Rd7+ Kg8 31. Rd6 Ra8 32. Red1 a5 33. Bc5 Rac8 (33... Rec8 {
hardly improves anything} 34. Bd4 Rd8 35. Be5 Rxd6 36. Rxd6 $18) 34. Bb6 a4 35.
Rd8 (35. Nd4 $142 $5 {keeps an even firmer grip} g5 $18) 35... Bc2 (35... Rexd8
{doesn't change anything anymore} 36. Rxd8+ Rxd8 37. Bxd8 $18) 36. Rxe8+ Rxe8
37. Rd8 (37. Rd5 {seems even better} Be4 38. Rxb5 Bd3 $18) 37... Rxd8 38. Bxd8
Bb1 39. a3 Bd3 40. g3 Kf7 41. Ne5+ (41. Ne5+ Ke8 42. Bf6 gxf6 43. Nxd3 $18) 1-0

[Event "Modbury Championship"]
[Site "Modbury"]
[Date "1997.??.??"]
[Round "2.4"]
[White "Madsen, John"]
[Black "Van der Schoot, Peter"]
[Result "0-1"]
[WhiteElo "1195"]
[BlackElo "1443"]
[Annotator "Fritz 5.32"]
[PlyCount "112"]
[EventDate "1997.??.??"]
[EventType "tourn"]
[EventRounds "11"]
[EventCountry "AUS"]

1. e4 e6 {
Opening = B40 - Sizilianisch-Klass Sys mit e7-e6 /Sicilian-Class S with e7-e6}
2. Nf3 c5 3. d4 cxd4 4. Nxd4 Bc5 5. Be3 Qb6 6. b3 e5 $11 (6... Nf6 7. Nc3 Qa5
8. Qd3 Nxe4 9. Ndb5 Bxe3 10. Qxe3 Nxc3 11. Nxc3 Nc6 12. O-O-O O-O 13. Kb1 Qe5
14. Qh3 g6 15. Be2 d5 16. Rhe1 Qf4 {
0-1 Tagliagambe,S-Anakiev,D/Portoroz 1996/EXP 51 (16)}) (6... Nc6 7. c3 $15) 7.
Nf5 Bxe3 8. Nxe3 Nf6 9. Bd3 O-O 10. Nc3 Nc6 11. Ned5 {
'the knight is the knight!'} Nxd5 12. exd5 (12. Nxd5 Qc5 $14) 12... Nd4 13. Na4
Qf6 14. Be4 $11 (14. c3 $5 {is an interesting idea} Nf5 15. O-O $14) 14... Qg5
$14 (14... b5 15. c3 bxa4 16. cxd4 exd4 17. O-O $11 (17. bxa4 $2 {
leads to nothing} Qe5 $19)) 15. d6 f5 16. h4 $15 (16. Bd5+ $142 $5 {
deserves consideration} Kh8 17. c4 $11) 16... Qf4 $11 (16... Qg6 $142 $5 {
must definitely be considered} 17. Bd5+ Kh8 $17) 17. Bd5+ Kh8 18. g3 (18. c4
Rb8 $14) 18... Qg4 19. Qxg4 $15 (19. c4 $5 $11) 19... fxg4 20. Be4 {
The bishop likes it on e4} Nb5 (20... Rf6 21. Rd1 $11) 21. O-O-O Rb8 $16 (21...
Rf6 $5 $14 {should be considered}) 22. Rhf1 $14 (22. Rd5 $5 a6 23. c4 $16)
22... b6 {Consolidates c5} 23. c4 (23. Rd5 Nd4 24. Rxe5 Ba6 $16) 23... Nd4 {
Menacing} 24. Nc3 Bb7 25. Bxb7 Rxb7 26. Rd3 Rbb8 27. Ne4 Rf7 28. Ng5 Rf5 29.
Kb2 Rbf8 30. f4 $2 $17 (30. Ne4 $142 $5 $11 {and White can hope to live}) 30...
gxf3 31. Rf2 h6 32. Ne4 Ne6 (32... Kh7 33. Re3 $17) 33. b4 {
White prepares the advance c5} R8f7 $11 (33... Rc8 $142 $5 34. Kc3 Nd4 $17) 34.
Rd5 $19 {White intends c5} (34. Ra3 $142 $11 {and White hangs on}) 34... Nd4
$17 (34... g5 $5 $19) 35. c5 {White gains space} bxc5 $15 (35... Rf8 36. cxb6
axb6 37. a4 $15) 36. Nxc5 $17 (36. Rxc5 g5 37. hxg5 $14) 36... Ne2 $15 (36...
h5 $5 $17) 37. Nd3 $2 $19 (37. Ne4 $142 {would allow White to play on} Rf8 38.
Rc5 $11) 37... e4 {Black gets in control} 38. Rxf5 (38. Ne5 e3 39. Rxf3 Rxe5
40. Rxf7 Rxd5 41. Rxd7 Rd2+ 42. Kb3 Nc1+ 43. Kc3 Nxa2+ (43... Rxa2 $6 44. Rc7
Rd2 45. Rxa7 $19) 44. Kc4 e2 $19) 38... Rxf5 39. g4 Rf6 (39... Nf4 $5 {
makes it even easier for Black} 40. Ne1 Rf6 41. Kc2 $19) 40. Ne5 Kg8 41. g5 (
41. Nxd7 Rxd6 42. Nc5 Rd2+ 43. Ka3 $19) 41... hxg5 42. hxg5 Rxd6 43. Nxf3 exf3
44. Rxf3 Rd2+ 45. Ka1 d5 (45... Nd4 $5 {and Black can already relax} 46. Rh3
$19) 46. g6 Rd4 47. Kb2 (47. Rf7 Rxb4 48. Re7 $19) 47... Rg4 (47... Rxb4+ $142
$5 {might be the shorter path} 48. Ka3 Rg4 49. Rf7 $19) 48. Re3 (48. Rf7 Rxb4+
49. Ka3 Rb8 $19) 48... Rxg6 $17 (48... Rxb4+ $142 {
it becomes clear that Black will call all the shots} 49. Ka3 Re4 $19) 49. Rxe2
Rd6 $15 (49... Kf7 50. Re5 $17) 50. Kc3 g5 $11 (50... Kf7 $5 $17) 51. Rg2 d4+
52. Kd3 Rd5 53. Ke4 Rb5 54. Kxd4 a5 55. Kc4 $17 (55. bxa5 $142 $5 {
should be examined more closely} Rxa5 56. Rf2 $11) 55... Rf5 $4 $16 {
gives the opponent counterplay} (55... Rxb4+ $142 56. Kc5 g4 $17) 56. bxa5 $11
(56. b5 $142 $5 Rf4+ 57. Kd5 $16) 56... Rxa5 (56... Rxa5 57. Kb4 Rd5 $14) 0-1

[Event "Modbury Championship"]
[Site "Modbury"]
[Date "1997.??.??"]
[Round "?"]
[White "Vuglar, Shanon"]
[Black "Giermann, Arno"]
[Result "0-1"]
[WhiteElo "1101"]
[BlackElo "1556"]
[Annotator "Fritz 5.32"]
[PlyCount "112"]
[EventDate "1997.??.??"]
[EventType "tourn"]
[EventRounds "11"]
[EventCountry "AUS"]

1. e4 e5 {Opening = C42 - Russische Verteidigung-Petrow /Russian Defence-Petrov
} 2. Nf3 Nf6 3. Nxe5 d6 4. Nxf7 Kxf7 5. Nc3 $146 (5. Bc4+ Ke8 6. O-O Nc6 7. d4
Bg4 8. f3 Bh5 9. Bg5 Be7 10. Re1 Bf7 11. Qd3 Na5 12. Bb3 Nxb3 13. axb3 h6 14.
Bxf6 Bxf6 15. e5 dxe5 16. Qb5+ Kf8 17. dxe5 Bh4 18. g3 Qd4+ 19. Kg2 Be7 {
Hornetz,B-Eske,A/RL-op Polch 1993/GER 05/1/2-1/2 (34)}) 5... Be6 6. d4 c6 {
Covers b5} 7. Bd3 Be7 8. Qf3 {White is in command} Nbd7 9. h3 {Controls g4} Qb6
$16 (9... Kg8 $142 $15 {and Black has air to breath}) 10. d5 cxd5 11. exd5 (11.
Nxd5 $2 Bxd5 12. exd5 Ne5 $19) 11... Ne5 $18 (11... Bxd5 $5 12. Nxd5 Qa5+ 13.
Nc3 d5 $16) 12. dxe6+ Kxe6 13. Qf5+ Kf7 14. O-O Rhf8 $18 (14... g6 15. Qf4 $16)
15. Re1 $16 (15. Nd5 $1 Qc5 16. Nxf6 Bxf6 17. Qh5+ Ke7 18. Bxh7 Rh8 $18) 15...
Rae8 $4 $18 {causes further problems for ?} (15... Rac8 $142 $16) 16. Bc4+ (16.
Rxe5 $142 {secures the point} g6 17. Qe6+ Kg7 18. Rb5 $18) 16... Nxc4 17. Qe6+
Kg6 18. Qxc4 d5 (18... Qc6 19. Qd3+ Kf7 $18) 19. Qd3+ Kf7 20. Nxd5 Qa5 21. Nc3
(21. Rxe7+ Rxe7 22. Nxe7 Qe1+ 23. Qf1 Qxe7 24. Qc4+ Kg6 $18) 21... Kg8 22. Bd2
Qh5 23. Ne2 Kh8 (23... Nd5 $142 24. c4 Nb6 $18) 24. Ng3 (24. Nf4 $142 $5 {
makes it even easier for White} Qf7 25. Ne6 Rg8 $18) 24... Qf7 25. Re2 Bc5 26.
Rxe8 Rxe8 27. Be3 Bxe3 28. fxe3 {The passed pawn on e3 quickly leads to threats
} Qe6 29. Kf2 $16 (29. Nf5 $5 b6 $18) 29... Nd5 30. Re1 Rf8+ $18 (30... Nb4
$142 $5 31. Qc3 a5 $16) 31. Kg1 Qe5 32. e4 Nf6 33. c3 g6 34. Qd4 $16 (34. Re3
$142 $5 $18) 34... Qxg3 35. Rf1 Qh4 36. e5 Qxd4+ 37. cxd4 {
The passed pawn on d4 will quickly become a dangerous weapon} Nd7 38. e6 $15 (
38. Rc1 $5 Nb6 39. Rc7 $11) 38... Rxf1+ 39. Kxf1 Nf6 40. Ke2 Kg7 41. Kd3 $19 (
41. Ke3 $5 g5 42. h4 $19) 41... Kf8 42. Kc4 Ke7 43. d5 (43. a4 Kxe6 44. a5 h5
$19) 43... Kd6 44. e7 Kxe7 45. Kd4 Kd6 46. g4 Nxd5 47. Ke4 Ke6 48. a3 b6 49. h4
h5 50. gxh5 gxh5 51. Kd4 Nf4 52. Kc4 a6 53. b4 Ng6 54. a4 Kd6 ({Not} 54... Nxh4
55. Kd4 $19) 55. Kd4 Nxh4 56. Ke4 Ng6 (56... Ng6 57. Kd4 Nf4 $19) 0-1

[Event "Modbury Championship"]
[Site "Modbury"]
[Date "1997.??.??"]
[Round "?"]
[White "Kramer, Warren"]
[Black "Anderson-Smith, William"]
[Result "1/2-1/2"]
[WhiteElo "1279"]
[BlackElo "1465"]
[Annotator "Fritz 5.32"]
[PlyCount "86"]
[EventDate "1997.??.??"]
[EventType "tourn"]
[EventRounds "11"]
[EventCountry "AUS"]

1. d4 d5 {
Opening = D35 - Damengambit-Abtauschvariante /Queen's Gambit-Exchange Variat}
2. c4 e6 3. Nf3 Nf6 4. cxd5 exd5 5. Nc3 c6 6. Bg5 Nbd7 7. e3 Be7 8. Bd3 O-O 9.
O-O Re8 10. Bc2 $146 (10. a3 Ne4 11. Bxe7 Rxe7 12. Qc2 Ndf6 13. Ne5 Nxc3 14.
bxc3 h6 15. c4 dxc4 16. Bxc4 Be6 17. Bxe6 Rxe6 18. Qb3 b6 19. Rfc1 Rc8 20. Rc2
c5 21. Rac1 Qe7 22. Nd3 Rec6 23. dxc5 bxc5 24. h3 Qc7 {
Hajek,L-Rodrigues,R/WchJM-U10 Bratislava 1993/TD 93\05/1/2-1/2 (66)}) (10. h3
Nf8 11. Bxf6 Bxf6 12. b4 b6 13. Rc1 Bb7 14. Na4 a6 15. Qb3 g6 16. Rfd1 Ne6 17.
Bb1 Rb8 18. a3 Ba8 19. Nc3 Qd6 20. Ba2 Red8 21. Rb1 Bg7 22. Qc2 Rdc8 23. Qd2
Rc7 24. a4 Rd8 25. a5 bxa5 26. bxa5 {
1/2-1/2 Ehlvest,J-Nogueiras,J/Belfort WCup 1988/CBM 08 (26)}) (10. Rb1) 10...
Nf8 11. h3 {Prevents intrusion on g4} Ne4 $14 (11... Qb6 $5 $11) 12. Bxe7 Qxe7
13. Bxe4 (13. Nxe4 dxe4 14. Nd2 Bf5 $11) 13... dxe4 14. Nd2 f5 15. Rc1 Kh8 16.
Re1 Be6 17. a3 Nd7 18. Nf1 Nf6 19. Ng3 g5 20. f3 {Secures g4} exf3 $11 (20...
Qd6 $5 21. Nf1 Bd5 $11) 21. Qxf3 Qd7 22. Nh5 Nxh5 23. Qxh5 Rg8 24. Qe2 Qg7 {
Black plans g4} 25. Rcd1 g4 {Black gains space} 26. hxg4 Qxg4 27. Qxg4 Rxg4 28.
e4 {White prepares d5} Rag8 29. Rd2 f4 $11 (29... fxe4 $5 30. Rxe4 Rxe4 31.
Nxe4 b6 $15) 30. Rf1 h5 31. d5 {White wins space} cxd5 32. exd5 Bd7 33. Ne4 $4
$17 {allows the opponent back into the game} (33. Rf3 $142 $14 {
is a viable option}) 33... R8g6 $4 $16 {a transit from better to worse} (33...
f3 $142 $17) 34. Rf3 $14 (34. Nc5 Rg7 $16) 34... h4 35. Rdf2 {
Exerts pressure on the isolated pawn} Kg7 36. Nc5 $14 (36. Rxf4 Rxf4 37. Rxf4
h3 $16) 36... Bc8 $16 (36... Rd6 37. Rxf4 Rxf4 38. Rxf4 Rxd5 39. Nxd7 Rxd7 40.
Rxh4 $16) 37. Rxf4 Rxf4 38. Rxf4 h3 39. Rf2 b6 40. Nd3 Bb7 41. Nf4 Rd6 42. gxh3
Kh6 $18 (42... Kf6 $142 $5 $16) 43. Re2 $16 (43. Kh2 $142 $5 $18) 43... Kg5
1/2-1/2

[Event "Modbury Championship"]
[Site "Modbury"]
[Date "1997.??.??"]
[Round "?"]
[White "Giermann, Arno"]
[Black "Kramer, Warren"]
[Result "0-1"]
[WhiteElo "1556"]
[BlackElo "1279"]
[Annotator "Fritz 5.32"]
[PlyCount "152"]
[EventDate "1997.??.??"]
[EventType "tourn"]
[EventRounds "11"]
[EventCountry "AUS"]

1. e4 c5 {
Opening = B90 - Sizilianisch-Najdorf Var, Abweich /Sicilian-Najdorf Var, devia}
2. Nf3 d6 3. d4 cxd4 4. Nxd4 Nf6 5. Nc3 a6 6. a4 Nc6 7. Bc4 Qb6 $146 (7... Bd7
8. O-O Rc8 9. Kh1 g6 10. f4 Bg7 11. Nf3 O-O 12. Ba2 b5 13. axb5 axb5 14. Qe1
Nb4 15. Bb3 Nxc2 16. Bxc2 b4 17. e5 dxe5 18. fxe5 Ng4 19. Bd2 bxc3 20. Bxc3 Bb5
21. Rg1 Bc6 22. Bd1 {Arnason,J-Kristensen,B/Kopavogur 1994/EXP 41/0-1 (47)}) (
7... e6 8. O-O Be7 9. Be3 Bd7 10. Bb3 O-O 11. f3 Rc8 12. Nce2 Na5 13. Rc1 Nc4
14. Bxc4 Rxc4 15. Qd3 Qc7 16. c3 Rc8 17. f4 d5 18. exd5 Nxd5 19. b3 Rc5 20. b4
Rc4 21. Bd2 b5 22. a5 Bf6 23. g3 {
1/2-1/2 Mares,H-Schimmelpfennig,K/PF-op Bellheim 1994/GER 09 (23)}) (7... Qc7
8. Bb3 e6 9. O-O Be7 10. Nf3 O-O 11. Qe2 Na5 12. Ba2 b6 13. Bd2 Bb7 14. b4 Nc6
15. Rab1 Rac8 16. Rfc1 Rfd8 17. Nd1 d5 18. exd5 Nxd5 19. Bxd5 Rxd5 20. c4 Nd4
21. Nxd4 Rxd4 22. Ne3 {
Siefert,U-Omerbasic,A/PF-op Bellheim 1994/GER 09/0-1 (38)}) 8. Nxc6 bxc6 {
Covers b5} 9. O-O e6 {Prevents intrusion on d5} 10. Qd3 d5 11. exd5 cxd5 12.
Bb3 Bc5 13. Qg3 Kf8 14. a5 Qb4 15. Ra4 Qb7 16. Ra1 Bd7 17. Bg5 $15 (17. Be3 Bb4
$11) 17... d4 18. Bxf6 $15 (18. Na4 Bxa4 19. Rxa4 Ne4 $11) 18... gxf6 19. Na4
Bxa4 {Black gets strong initiative} 20. Bxa4 Rg8 21. Qh3 Qe4 22. Rad1 d3 23.
Rxd3 $17 (23. Bb3 $142 $5 {and White can hope to survive} dxc2 24. Rde1 $11)
23... Qxa4 24. Qxh7 (24. c3 Qg4 $19) 24... Ke7 $1 {the logical end} (24... Qxc2
{is much worse} 25. Rd8+ $1 {White is still in the lead} Rxd8 26. Qxc2 $18) (
24... Qxa5 $6 {is clearly weaker} 25. Rfd1 $19) 25. Rfd1 (25. Qh5 Qc6 (25...
Qxc2 $6 26. Qf3 Rgc8 27. Rc3 Qxb2 28. Rxc5 $17) 26. Qf3 Qxf3 27. Rxf3 Rab8 $19)
25... Rad8 26. Qh5 {Threatening mate... how?} Bxf2+ (26... Qxc2 {
keeps an even firmer grip} 27. R1d2 $5 Qc4 28. Qd1 Rxd3 29. Rxd3 $19) 27. Kf1 (
27. Kxf2 Qxc2+ 28. R1d2 Qxd2+ 29. Rxd2 Rxd2+ 30. Ke3 Rc2 $17 (30... Rdxg2 $6
31. Qc5+ Kd7 32. Qa7+ Kd6 33. Qxa6+ Kc7 34. Qc4+ Kd7 35. Qd4+ Ke7 36. Qc5+ Kd7
37. Qh5 $11) (30... Rxb2 $4 {a poisoned pawn} 31. Qc5+ Ke8 32. Qc8+ Ke7 33.
Qxg8 $18) (30... Rgxg2 $6 {is clearly inferior} 31. Qc5+ Kd8 32. Qb6+ Ke8 33.
Qxa6 $15)) 27... Rxd3 (27... Qf4 28. Rxd8 Rxd8 29. Rxd8 Bd4+ 30. Ke2 Kxd8 31.
Qxf7 Qe3+ 32. Kd1 Qg1+ 33. Ke2 Qf2+ 34. Kd1 Qf1+ 35. Kd2 Bxb2 36. Qf8+ Kd7 37.
Qf7+ Kd6 38. Qf8+ Kd5 39. Qa8+ Kc5 40. Qa7+ Kb4 41. Qb6+ Qb5 42. g4 $19) 28.
Rxd3 Ba7 (28... Rg4 {makes it even easier for Black} 29. g3 Ba7 30. Qh8 $19)
29. Qf3 (29. b3 Qa1+ 30. Rd1 Qa3 $19) 29... Qa1+ (29... Qxc2 $6 {is much weaker
} 30. Qb7+ Kf8 31. Qa8+ Kg7 32. Rg3+ Kh6 33. Rh3+ Kg7 34. Rg3+ Kh6 35. Rh3+ Kg7
36. Rg3+ $11) 30. Rd1 Qxb2 31. Qc6 {Threatening mate... how?} Qb5+ 32. Qxb5 {
The mate threat is Qb4} axb5 33. Rb1 Rb8 34. c3 Bc5 35. a6 Ba7 36. Ke2 Rb6 37.
h4 (37. Ra1 Kd6 $19) 37... Rxa6 38. Rxb5 Ra2+ 39. Kd3 Bg1 (39... f5 {
seems even better} 40. Rb7+ Kf6 41. h5 $19) 40. g4 Rg2 41. Rb7+ Kf8 42. Rb4
Rg3+ 43. Kc2 Bc5 44. Rc4 Be3 45. Re4 Bg1 $11 (45... e5 $142 $19 {
and Black has reached his goal}) 46. c4 $4 $19 {
there were better ways to keep up the pressure} (46. Rb4 Rh3 47. h5 $19) 46...
Re3 (46... Rh3 $5 {keeps an even firmer grip} 47. h5 $19) 47. Rf4 (47. Rxe3
Bxe3 48. Kd3 Bf2 $19) 47... Re2+ 48. Kd3 Rf2 (48... Rh2 {seems even better} 49.
h5 Ke7 50. Rf1 $19) 49. Re4 (49. Rxf2 Bxf2 50. h5 Ba7 $19) 49... f5 50. Re1 (
50. gxf5 {doesn't get the bull off the ice} Rxf5 51. Kd2 Bb6 $19) 50... Rf3+
51. Kd2 Bf2 52. Rf1 Be3+ 53. Ke2 Rxf1 54. Kxf1 fxg4 55. Kg2 f5 56. Kg3 Ke7 57.
Kg2 Kd6 (57... f4 $5 {might be the shorter path} 58. c5 $19) 58. Kg3 Kc5 59.
Kg2 (59. h5 Kxc4 60. Kg2 f4 $19) 59... Kxc4 (59... f4 60. h5 f3+ 61. Kg3 Kxc4
62. h6 $19) 60. h5 (60. Kg3 $19 {what else?}) 60... Kd5 (60... f4 61. h6 f3+
62. Kg3 Bxh6 63. Kf2 Bf4 64. Kf1 g3 65. Ke1 Be3 66. Kd1 Kb3 67. Ke1 g2 68. Kd1
g1=Q#) 61. Kg3 Ke5 62. Kg2 Kf6 (62... f4 63. h6 f3+ 64. Kg3 Bxh6 65. Kf2 Bf4
66. Kf1 Ke4 67. Ke1 g3 68. Kd1 Kd3 69. Ke1 Be3 70. Kd1 g2 71. Ke1 g1=Q#) 63.
Kg3 Kg5 64. h6 Kxh6 65. Kg2 Kg5 66. Kg3 e5 (66... f4+ 67. Kg2 f3+ 68. Kf1 Bd2
69. Kf2 Kf4 70. Kg1 g3 71. Kh1 g2+ 72. Kh2 Kg4 73. Kg1 Be3+ 74. Kh2 g1=Q#) 67.
Kg2 Kh4 68. Kh2 Bc1 (68... f4 69. Kg2 f3+ 70. Kf1 Bd2 71. Kf2 e4 72. Kg1 e3 73.
Kh1 e2 74. Kh2 g3+ 75. Kg1 e1=Q#) 69. Kg2 e4 {Black gets deadly initiative} 70.
Kf2 e3+ 71. Ke2 Kg3 72. Kf1 f4 73. Ke2 Kg2 74. Ke1 f3 {Threatening mate: f2}
75. Kd1 Bd2 $19 (75... e2+ 76. Kc2 e1=Q 77. Kd3 Qb4 78. Kc2 f2 79. Kxc1 f1=Q+
80. Kc2 Qfb1#) 76. Kc2 f2 $1 {the death sentence} (76... f2 77. Kd3 f1=Q+ 78.
Kd4 e2 79. Kd5 e1=Q 80. Kd6 Qf6+ 81. Kc5 Qc1+ 82. Kd5 Qcc6#) 0-1